000 00798nam a2200253Ia 4500
003 GCL
008 140319s9999 xx 000 0 ara d
040 _aGCL /
_cGCL
082 0 4 _a330.1543
_bم ا
100 1 _aمحمد على الليثى
245 1 0 _aاصول الاقتصاد الرياضى /
_cمحمد على الليثى
700 1 _aلطفى لويز سيفين
260 _a[S.N] :
_bدار الجامعات المصرية ،
_c1979
300 _a542 ص
490 _a
650 0 4 _aالاقتصاد
650 0 4 _aالتفاضل والتكامل
650 0 4 _aالرياضيات
650 0 4 _aالاجتماع
650 0 4 _aالطرق الاحصائية
650 0 4 _aالاقتصاد الرياضى
650 0 4 _aالاجتماع الاقتصادى
942 _2ddc
_cBK
999 _c58727
_d58727